000 01051nam a2200313 c 4500
999 _c161158
_d161158
003 BLK
005 20220228090123.0
008 180410b bul|||||r ||||||| ||bul||
010 _aKNG00168464000
040 _aBLK
041 _aBUL
_cBUL
072 7 _2bullib
_aК
_xКраезнание
072 7 _2bullib
_aЯ
_xАвтографи
080 _aБългарска литература
_b821.163.2
_x-1
_z821.163.2-1
100 1 _aСтанчев, Иван
_eпърви автор
_9259190
139 _aСтанчев, Иван
_bС 70
245 1 0 _aСамо късче земя
_bСтихове
_cИван Станчев.
257 _aBGR
260 _c1980
_fБяла : печ. на Районен пионерски дом
300 _a30 с.
_c20 см
380 _aX
659 _aК
659 _aЯ
852 _aЦб 115237
852 _aК 821.163.2/С 70 И
856 4 _qpdf
856 4 _qpdf
942 _cKNG
_n0
_s1
944 _aCR
_c05.12.2014
_l05.12.2014 - от С1,Р / 05.12.2014
_kНора_Радева
944 _aED
_c05.12.2014
_l05.12.2014 - от С1,Р / 05.12.2014
999 _d161158